Tìm hiểu văn hóa Nhật Bản

Giới thiệu khái quát về Nhật Bản qua đặc điểm thiên nhiên, dân cư, lịch sử, chính trị, xã hội, kinh tế, khoa học kỹ thuật; lịch sử văn hoá từ khởi nguồn lịch sử qua các thời kỳ Nara, Heian, Kamakura, Muromachi, Sengoku, Yedo; đời sống văn hoá,...

Cur síos iomlán

Đã lưu trong:
Sonraí Bibleagrafaíochta
Príomhúdar: Nguyễn, Trường Tân
Formáid: Leabhar
Teanga:Undetermined
Foilsithe: H. Thanh niên 2019
Ábhair:
Rochtain Ar Líne:http://lrc.tdmu.edu.vn/opac/search/detail.asp?aID=2&ID=37007
Clibeanna: Cuir Clib Leis
Gan Chlibeanna, Bí ar an gcéad duine leis an taifead seo a chlibeáil!
Thư viện lưu trữ: Trung tâm Học liệu Trường Đại học Thủ Dầu Một
LEADER 01271nam a2200205Ia 4500
001 TDMU_37007
008 210410s9999 xx 000 0 und d
082 |a 616.39 
090 |b NG527 
100 |a Nguyễn, Trường Tân 
245 0 |a Tìm hiểu văn hóa Nhật Bản 
245 0 |c Nguyễn Trường Tân biên soạn 
260 |a H. 
260 |b Thanh niên 
260 |c 2019 
300 |a 459tr. 
520 |a Giới thiệu khái quát về Nhật Bản qua đặc điểm thiên nhiên, dân cư, lịch sử, chính trị, xã hội, kinh tế, khoa học kỹ thuật; lịch sử văn hoá từ khởi nguồn lịch sử qua các thời kỳ Nara, Heian, Kamakura, Muromachi, Sengoku, Yedo; đời sống văn hoá, tôn giáo, tín ngưỡng dân gian, lễ tục, phong tục tập quán - lối sống, lễ hội, ẩm thực, trang phục truyền thống, văn học, nghệ thuật, du lịch...; TM tham khảo tr.452-453 
650 |a Văn hóa  |z Nhật Bản; Nhật Bản  |x Lịch sử 
856 |u http://lrc.tdmu.edu.vn/opac/search/detail.asp?aID=2&ID=37007 
980 |a Trung tâm Học liệu Trường Đại học Thủ Dầu Một